Actores emergentes en la historia de las relaciones internacionales latinoamericanas (Registro nro. 14335)
[ vista simple ]
| 000 -LEADER | |
|---|---|
| fixed length control field | 00567nam a2200193Ia 4500 |
| 005 - DATE AND TIME OF LATEST TRANSACTION | |
| control field | 20251006225622.0 |
| 008 - FIXED-LENGTH DATA ELEMENTS--GENERAL INFORMATION | |
| fixed length control field | 251006t2001||||xx |||||||||||||| ||und|| |
| 040 ## - CATALOGING SOURCE | |
| Original cataloging agency | CBC |
| 100 ## - MAIN ENTRY--PERSONAL NAME | |
| Personal name | Heredia, Edmundo |
| 245 ## - TITLE STATEMENT | |
| Title | Actores emergentes en la historia de las relaciones internacionales latinoamericanas |
| 300 ## - PHYSICAL DESCRIPTION | |
| Extent | p. 163-172 |
| 650 ## - SUBJECT ADDED ENTRY--TOPICAL TERM | |
| Topical term or geographic name entry element | ACTORES SOCIALES |
| 650 ## - SUBJECT ADDED ENTRY--TOPICAL TERM | |
| Topical term or geographic name entry element | GEOGRAFIA |
| 650 ## - SUBJECT ADDED ENTRY--TOPICAL TERM | |
| Topical term or geographic name entry element | HISTORIA |
| 650 ## - SUBJECT ADDED ENTRY--TOPICAL TERM | |
| Topical term or geographic name entry element | RELACIONES INTERNACIONALES |
| 651 ## - SUBJECT ADDED ENTRY--GEOGRAPHIC NAME | |
| Geographic name | AMERICA LATINA |
| 773 ## - HOST ITEM ENTRY | |
| Main entry heading | Anuario de la Escuela de Historia Vol. 1 No. 1 (2001) |
| 942 ## - ADDED ENTRY ELEMENTS (KOHA) | |
| Catalogador | MJCh |
No hay ítems disponibles.